000 00411nam a22001697a 4500
005 20180606151902.0
008 160526b xxu||||| |||| 00| 0 eng d
020 _a81-203-3013-9
041 _aeng
082 _b5361
_a657
100 _aBhattacharya, Asish K.
_9263
245 _aFinancial Accounting
260 _aNew Delhi
_bAcademic Faundation
300 _a713
650 _aManagement
_9241
942 _cBK
999 _c1895
_d1894